Представление документа в формате RUSMARC

ПолеНазваниеЗначение
  Тип записи a
  Библиографический уровень a
001 Контрольный номер RU/УОНБ/EK_Kray/343827180
005 Дата корректировки 20240131015216.0
100 Данные общей обработки __
a Данные общей обработки 20101123d2010 ||| 0rusy0189 ca
101 Язык документа 0_
a Язык текста rus
102 Страна публикации __
a Страна публикации RU
105 Кодированные данные (монография) __
a Кодированные данные (монография) y###||||000|y
200 Заглавие и сведения об ответственности 1_
a Заглавие Лет тому назад...
e Сведения, относящиеся к заглавию Лев Толстой и симбиряне
e Сведения, относящиеся к заглавию беседа с краеведом Ж. А. Трофимовым
f Первые сведения об ответственности Ж. А. Трофимов
g Последующие сведения об ответственности зап. Т. Альфонская
215 Физическое описание __
c Иллюстрации/тип воспроизводства 1 фот.
330 Аннотация __
a Аннотация К 100-летию со дня смерти писателя.
461 Уровень набора _0
1 2000
a Времена.ru
1 011
463 Уровень физической единицы _0
1 001RU/УОНБ/EK_Kray/343825894
1 2000
a 19 нояб
v С. 7
1 210
d 2010
600 Персоналии _1
a Персоналии (Фамилия) Толстой, Лев Николаевич
600 Персоналии _1
a Персоналии (Фамилия) Дмитриев, Фёдор Михайлович
600 Персоналии _1
a Персоналии (Фамилия) Назарьев, Валериан Никанорович
610 Ключевые слова 0_
a Ключевые слова русские писатели
686 Индексы других классификаций __
a Классификационный индекс 83.3-8
2 Код системы rubbk
700 Автор _1
a Фамилия Трофимов
b Имя (инициалы) Ж. А.
g Полное личное имя Жорес Александрович
4 Код отношения 460
702 Вторичная интеллектуальная ответственность _1
a Фамилия Альфонская
b Имя (инициалы) Т.
g Полное личное имя Татьяна
4 Код отношения 470
801 Источник записи _0
a Страна RU
b Организация Ульяновская ОНБ
c Дата составления 20101123
g Правила каталогизации RCR
801 Источник записи _1
a Страна RU
b Организация IS
c Дата составления 20101123
g Правила каталогизации RCR
901 Тип документа __
t Тип документа b
w Контрольный № источника RU/УОНБ/EK_Kray/343825894
909 Создатель записи __
a Создатель записи
938 Служебная информация __
a Имя БД kraeved_work
b Имя библиотеки УОНБ
c Имя АИБС МАРК-SQL
d Номер DOC_ID в БД 72132